Handbook of statistical systems biology (Record no. 129868)
[ view plain ]
| 000 -LEADER | |
|---|---|
| fixed length control field | 01878nam a2200409 a 4500 |
| 082 04 - DEWEY DECIMAL CLASSIFICATION NUMBER | |
| Classification number | 570.1/5195 |
| 245 00 - TITLE STATEMENT | |
| Title | Handbook of statistical systems biology |
| 260 ## - PUBLICATION, DISTRIBUTION, ETC. (IMPRINT) | |
| Place of publication | Chichester, West Sussex ; |
| -- | Hoboken, N.J. : |
| Name of publisher | John Wiley & Sons, |
| Year of publication | 2011. |
| 300 ## - PHYSICAL DESCRIPTION | |
| Number of Pages | xxi, 508 p. : |
| Other physical details | ill. (some col.) |
| 505 0# - FORMATTED CONTENTS NOTE | |
| Formatted contents note | A. Methodological chapters -- B. Technology-based chapters -- C. Networks and graphical models -- D. Dynamical systems -- E. Application areas. |
| 650 #0 - SUBJECT ADDED ENTRY--TOPICAL TERM | |
| Topical Term | Systems biology |
| Topical Term | Biological systems |
| Topical Term | Uncertainty |
| Topical Term | Stochastic analysis |
| 700 1# - ADDED ENTRY--PERSONAL NAME | |
| Personal name | Stumpf, M. P. H. |
| Personal name | Balding, D. J. |
| Personal name | Girolami, Mark, |
| 856 40 - ELECTRONIC LOCATION AND ACCESS | |
| Uniform Resource Identifier | http://site.ebrary.com/lib/rucke/Doc?id=10494512 |
No items available.
